The Prince and the Pauper, Illustrated Classics /

These literary masterpieces are made easy and interesting. This series features classic tales retold with color illustrations to introduce literature to struggling readers. Each 64-page softcover book retains key phrases and quotations from the original classics. Two boys- one a prince, the othe...

Full description

Bibliographic Details
Corporate Author: Library Pass, LLC
Other Authors: Twain, Mark (writer.)
Format: eBook
Language:English
Published: [United States] : Saddleback Educational, 2012.
Subjects:
Online Access:Connect to this electronic book (First time users create your free account)

MARC

Tag First Indicator Second Indicator Subfields
LEADER 00000nmm a22000001a 4500
001 in00004608913
006 m|||||o||m||||||||
007 cr|cn |||uuuuu
008 221118s2012 xxu||||do|||| ||||||eng d
005 20221207213153.7
035 |a (TxWaIVM)IV16528SaTh 
040 |a TxWaIVM  |c TxWaIVM 
245 0 4 |a The Prince and the Pauper, Illustrated Classics /  |c powered by Library Pass. 
260 3 |a [United States] :  |b Saddleback Educational,  |c 2012. 
300 |a 1 online resource. 
336 |a text  |b txt  |2 rdacontent 
337 |a computer  |b c  |2 rdamedia 
338 |a online resource  |b cr  |2 rdacarrier 
520 |a These literary masterpieces are made easy and interesting. This series features classic tales retold with color illustrations to introduce literature to struggling readers. Each 64-page softcover book retains key phrases and quotations from the original classics. Two boys- one a prince, the other a pauper- look so much alike that no one can tell them apart! Join them in the days of old England, as they switch places- the prince becoming a pauper and the pauper a prince. 64 pages, FC 
521 |a 2 
538 |a Requires a valid library card and registration for new users. 
538 |a Mode of access: World Wide Web. 
538 |a System requirements: Flash 10.1 or higher, Windows XP and higher, Internet Explorer 7 and higher, Firefox 3.6 and higher, Google Chrome; Max OS 10.5 and higher, Safari 4 and higher. 
650 0 |a Comic books, strips, etc. 
655 7 |a Electronic books.  |2 local 
655 7 |a Comic books, strips, etc.  |2 gsafd 
650 0 |a Motion pictures and comic books 
655 7 |a Motion pictures and comic books  |2 gsafd 
650 0 |a Comic books, strips, etc. --Drama 
655 7 |a Comic books, strips, etc. --Drama  |2 gsafd 
650 0 |a Comic books, strips, etc. --Education 
655 7 |a Comic books, strips, etc. --Education  |2 gsafd 
650 0 |a Humor 
655 7 |a Humor  |2 gsafd 
650 0 |a Literary 
655 7 |a Literary  |2 gsafd 
700 1 |a Twain, Mark.  |e writer. 
700 1 |a Publishing, Saddleback Educational.  |e artist. 
710 2 |a Library Pass, LLC. 
856 4 0 |u http://proxy.library.tamu.edu/login?url=https://tamu.librarypass.com/product/com.iversecomics.saddleback.educational.the.prince.and.the.pauper.illustrated.classics.12082012  |z Connect to this electronic book (First time users create your free account)  |t 0 
955 |a Comics Plus. 
999 f f |s ef508f1e-2cdf-4671-af2e-cb0ccfd75bb5  |i b5a9c320-2e1e-414b-8ae1-48b4f9902cf4  |t 0 
952 f f |a Texas A&M University  |b College Station  |c Electronic Resources  |d Available Online  |t 0  |h Library of Congress classification 
998 f f |t 0  |l Available Online